书目信息 |
| 题名: |
建设工程质量控制(土木建筑工程)历年真题解析及预测
|
|
| 作者: | 左红军 主编 | |
| 分册: | ||
| 出版信息: | 北京 机械工业出版社 2022.01 |
|
| 页数: | 146页 | |
| 开本: | 26cm | |
| 丛书名: | ||
| 单 册: | ||
| 中图分类: | TU712.3-44 | |
| 科图分类: | ||
| 主题词: | 土木工程--tu mu gong cheng--工程质量--质量控制--资格考试--题解 | |
| 电子资源: | ||
| ISBN: | 978-7-111-69541-7 | |
| 000 | 01106nam0 2200241 450 | |
| 001 | 011025153626 | |
| 005 | 20221025153626.0 | |
| 010 | @a978-7-111-69541-7@dCNY39.00 | |
| 100 | @a20201004d2022 em y0chiy0120 ea | |
| 101 | 0 | @achi |
| 102 | @aCN@b110000 | |
| 105 | @ay zq 000yy | |
| 106 | @ar | |
| 200 | 1 | @a建设工程质量控制(土木建筑工程)历年真题解析及预测@Ajian she gong cheng zhi liang kong zhi (tu mu jian zhu gong cheng )li nian zhen ti jie xi ji yu ce@e2022版@f左红军主编 |
| 205 | @a第2版 | |
| 210 | @a北京@c机械工业出版社@d2022.01 | |
| 215 | @a146页@d26cm | |
| 300 | @a全国监理工程师职业资格考试红宝书 | |
| 330 | @a本书以监理工程师职业资格考试建设工程质量控制(土木建筑工程)专业大纲及教材为纲领,以现行法律法规、标准规范为依据,以经典真题为载体,以考点为框架,通过对经典真题与考点的筛选、解析,让考生能便利地抓住应试要点,并通过经典题目将考点“激活”,从而解决了死记硬背的问题,真正做到了“三度”。 | |
| 606 | 0 | @a土木工程@Atu mu gong cheng@x工程质量@x质量控制@x资格考试@j题解 |
| 690 | @aTU712.3-44@v5 | |
| 701 | 0 | @a左红军@Azuo hong jun@4主编 |
| 905 | @a河南城建学院图书馆@dTU712.3-44@eZ990 | |
| 建设工程质量控制(土木建筑工程)历年真题解析及预测:2022版/左红军主编.-第2版.-北京:机械工业出版社,2022.01 |
| 146页;26cm |
| 全国监理工程师职业资格考试红宝书 |
| ISBN 978-7-111-69541-7:CNY39.00 |
| 本书以监理工程师职业资格考试建设工程质量控制(土木建筑工程)专业大纲及教材为纲领,以现行法律法规、标准规范为依据,以经典真题为载体,以考点为框架,通过对经典真题与考点的筛选、解析,让考生能便利地抓住应试要点,并通过经典题目将考点“激活”,从而解决了死记硬背的问题,真正做到了“三度”。 |
| ● |
| 相关链接 |
|
|
|
正题名:建设工程质量控制(土木建筑工程)历年真题解
索取号:TU712.3-44/Z990
 
预约/预借
| 序号 | 登录号 | 条形码 | 馆藏地/架位号 | 状态 | 备注 |
| 1 | 1588749 | 215887495 | 建筑库201/201建筑库 24排4列5层/ [索取号:TU712.3-44/Z990] | 在馆 | |
| 2 | 1588750 | 215887501 | 建筑库201/201建筑库 24排4列5层/ [索取号:TU712.3-44/Z990] | 在馆 |